[Event "LSS No Engine Cup 101 Preliminary 4"]
[Site "LSS email"]
[Date "2013.12.30"]
[Round "?"]
[White "Bergweiler, Rolf"]
[Black "Murphy, Jones"]
[Result "0-1"]
[WhiteElo "905"]
[BlackElo "1407"]
[PlyCount "64"]
[EventDate "2013.12.31"]
[EventType "tourn (corr)"]
[EventRounds "6"]
[EventCountry "GER"]
[SourceTitle "Telechess CBM 167"]
[Source "ChessBase"]
[SourceDate "2015.07.13"]
[SourceVersion "1"]
[SourceVersionDate "2015.07.13"]
[SourceQuality "1"]

1. Nf3 g6 2. d4 Bg7 3. e4 d6 4. Nc3 Nf6 5. Bb5+ c6 6. Bd3 0-0 7. 0-0 Nbd7 8. Re1 e5 9. dxe5 Nxe5 10. Nxe5 dxe5 11. Bg5 h6 12. Bh4 Qb6 13. Rb1 Bg4 14. Qd2 g5 15. Bg3 Nh5 16. h3 Bxh3 17. Bh2 Bg4 18. g3 Rad8 19. Kh1 Bf3+ 20. Kg1 Qc7 21. Re3 Bg4 22. f3 Bh3 23. g4 Nf4 24. Bxf4 exf4 25. Re2 h5 26. gxh5 Bd4+ 27. Kh1 g4 28. fxg4 Kh8 29. g5 Rg8 30. Rh2 Bg4 31. g6 Bf3+ 32. Rg2 Qe5 0-1

[Event "LSS No Engine Cup 101 Preliminary 4"]
[Site "LSS email"]
[Date "2013.12.30"]
[Round "?"]
[White "Nicolaescu, Nicolae"]
[Black "Murphy, Jones"]
[Result "0-1"]
[WhiteElo "1864"]
[BlackElo "1407"]
[PlyCount "114"]
[EventDate "2013.12.31"]
[EventType "tourn (corr)"]
[EventRounds "6"]
[EventCountry "GER"]
[SourceTitle "Telechess CBM 167"]
[Source "ChessBase"]
[SourceDate "2015.07.13"]
[SourceVersion "1"]
[SourceVersionDate "2015.07.13"]
[SourceQuality "1"]

1. e4 e5 2. Nf3 Nc6 3. d4 exd4 4. Nxd4 Nf6 5. Nxc6 bxc6 6. e5 Qe7 7. Qe2 Nd5 8. c4 Ba6 9. b3 g6 10. Bb2 Bg7 11. Nd2 0-0 12. Qe4 Nb6 13. 0-0-0 Rfe8 14. f4 d5 15. Qc2 Bc8 16. Bd3 a5 17. h4 Bg4 18. Rde1 a4 19. c5 axb3 20. axb3 Nd7 21. b4 Ra2 22. Qb3 Raa8 23. Kc2 Reb8 24. Bd4 Nf8 25. g3 Ne6 26. Bf2 Ra5 27. Ra1 Nxc5 28. Bxc5 Rxc5+ 29. bxc5 Rxb3 30. Nxb3 h5 31. Ra8+ Kh7 32. Re1 f6 33. Ra6 fxe5 34. fxe5 Bd7 35. Ra5 Bxe5 36. Nd4 Qf6 37. Ne2 Bf5 38. Ra3 Bxd3+ 39. Rxd3 Qf2 40. Kd2 Qxc5 41. Rc1 Qb4+ 42. Kc2 c5 43. Re3 Qb2+ 44. Kd1 Bd6 45. Rc2 Qb4 46. Rc1 d4 47. Rf3 Kg7 48. Nf4 Qb7 49. Ne6+ Kg8 50. Ng5 Bxg3 51. Rxc5 Bxh4 52. Rd3 Qb1+ 53. Ke2 Qe1+ 54. Kf3 Qf2+ 55. Ke4 Qe2+ 56. Kxd4 Bf2+ 57. Kc3 Bxc5 0-1

[Event "LSS No Engine Cup 99 Preliminary 0"]
[Site "LSS email"]
[Date "2013.12.03"]
[Round "?"]
[White "Kratky, Josef"]
[Black "Murphy, Jones"]
[Result "0-1"]
[WhiteElo "1596"]
[BlackElo "1654"]
[PlyCount "60"]
[EventDate "2013.12.04"]
[EventType "tourn (corr)"]
[EventRounds "6"]
[EventCountry "GER"]
[SourceTitle "Corr 2022"]
[Source "ChessBase"]
[SourceDate "2021.10.24"]
[SourceVersion "1"]
[SourceVersionDate "2021.10.24"]
[SourceQuality "1"]

1. Nf3 g6 2. d4 Bg7 3. c4 c5 4. g3 cxd4 5. Nxd4 Nc6 6. Nc2 Nf6 7. Nc3 0-0 8. Bg2 d6 9. 0-0 Be6 10. Ne3 Rc8 11. b3 Ne4 12. Nxe4 Bxa1 13. Ng5 Bd7 14. Ba3 Bg7 15. Nf3 Qa5 16. Qc1 b5 17. Nd2 Nd4 18. Re1 b4 19. Bb2 Qxa2 20. Nd5 Nc6 21. Bxg7 Kxg7 22. Ne4 Qxb3 23. Qa1+ f6 24. Rb1 Qxc4 25. Ne3 Qd4 26. Qa6 Rb8 27. Nc2 Qb6 28. Qa1 b3 29. Ne3 b2 30. Qa3 Qb3 0-1

[Event "LSS No Engine Cup 99 Preliminary 0"]
[Site "LSS email"]
[Date "2013.12.03"]
[Round "?"]
[White "Murphy, Jones"]
[Black "Bester, Kazimierz"]
[Result "1-0"]
[WhiteElo "1654"]
[BlackElo "970"]
[PlyCount "122"]
[EventDate "2013.12.04"]
[EventType "tourn (corr)"]
[EventRounds "6"]
[EventCountry "GER"]
[SourceTitle "Corr 2022"]
[Source "ChessBase"]
[SourceDate "2021.10.24"]
[SourceVersion "1"]
[SourceVersionDate "2021.10.24"]
[SourceQuality "1"]

1. e4 d5 2. exd5 Qxd5 3. Nc3 Qa5 4. Bc4 Nf6 5. d3 Nc6 6. Bd2 Be6 7. Nd5 Qc5 8. Nxc7+ Kd8 9. Nxa8 Bxc4 10. dxc4 Kc8 11. Nf3 e5 12. 0-0 Kb8 13. Be3 Qe7 14. Nb6 axb6 15. Bxb6 Qb4 16. Be3 Be7 17. Qe2 Bd6 18. c3 Qa5 19. c5 Bxc5 20. b4 Bxb4 21. cxb4 Qxb4 22. Rab1 Qa5 23. Qb5 Qxb5 24. Rxb5 e4 25. Nd4 Na7 26. Rb3 Nd5 27. Rfb1 b6 28. Nf5 Nc8 29. Bd4 f6 30. Nd6 Nxd6 31. Bxb6 Nxb6 32. Rxb6+ Kc7 33. R6b4 Rc8 34. Rc1+ Kd7 35. Rd1 Rc7 36. Rxe4 Kc8 37. Ree1 Nb5 38. Re8+ Kb7 39. Rb1 Kc6 40. Rc1+ Kd7 41. Rxc7+ Nxc7 42. Rg8 Ne6 43. a4 Kc6 44. Re8 Nc7 45. Re7 g5 46. Rxh7 Kb6 47. Rf7 Nd5 48. Rd7 Kc6 49. Rxd5 Kxd5 50. Kf1 Kc5 51. Ke2 Kb4 52. Kd3 Kxa4 53. Ke4 Kb5 54. Kf5 Kc5 55. Kxf6 g4 56. g3 Kd4 57. Kf5 Kd3 58. Kxg4 Ke2 59. f4 Kf2 60. h4 Kg2 61. h5 Kf2 1-0

[Event "LSS No Engine Cup 99 Preliminary 0"]
[Site "LSS email"]
[Date "2013.12.03"]
[Round "?"]
[White "Murphy, Jones"]
[Black "Vio, Mauro"]
[Result "0-1"]
[WhiteElo "1654"]
[BlackElo "1895"]
[PlyCount "74"]
[EventDate "2013.12.04"]
[EventType "tourn (corr)"]
[EventRounds "6"]
[EventCountry "GER"]
[SourceTitle "Corr 2022"]
[Source "ChessBase"]
[SourceDate "2021.10.24"]
[SourceVersion "1"]
[SourceVersionDate "2021.10.24"]
[SourceQuality "1"]

1. e4 e5 2. f4 exf4 3. Nf3 g5 4. h4 g4 5. Ne5 h5 6. Bc4 Nh6 7. d4 d6 8. Nd3 f3 9. gxf3 Be7 10. Be3 Bxh4+ 11. Kd2 g3 12. Nc3 Nd7 13. Qe1 Nb6 14. Bb3 a5 15. a4 Bd7 16. Nf4 Ng8 17. Ng2 Bf6 18. Qxg3 h4 19. Qf2 h3 20. Nf4 Ne7 21. Qg3 c5 22. d5 c4 23. Ba2 Be5 24. Qf2 Nxa4 25. Nxa4 Bxa4 26. Bxc4 Bd7 27. Nd3 Bf6 28. Bb6 Qc8 29. Bd4 Bg5+ 30. f4 Bh4 31. Qe2 Rg8 32. Nf2 Rg2 33. Bd3 Bg4 34. Qf1 Bxf2 35. Bxf2 Qc5 36. Qxg2 Qb4+ 37. Ke3 hxg2 0-1

[Event "LSS No Engine Cup 98 Preliminary 0"]
[Site "LSS email"]
[Date "2013.11.20"]
[Round "?"]
[White "Plotnikov, Vladimir Anatolievi"]
[Black "Murphy, Jones"]
[Result "0-1"]
[WhiteElo "1244"]
[BlackElo "1642"]
[PlyCount "104"]
[EventDate "2013.11.21"]
[EventType "tourn (corr)"]
[EventRounds "6"]
[EventCountry "GER"]
[SourceTitle "Corr 2022"]
[Source "ChessBase"]
[SourceDate "2021.10.24"]
[SourceVersion "1"]
[SourceVersionDate "2021.10.24"]
[SourceQuality "1"]

1. e4 c6 2. Nf3 d5 3. exd5 cxd5 4. Bb5+ Bd7 5. Qe2 a6 6. Bxd7+ Nxd7 7. Nc3 Ngf6 8. d4 e6 9. 0-0 Bd6 10. Re1 0-0 11. Qd3 Qb6 12. h3 Rac8 13. a3 Qc7 14. Bd2 b5 15. Rac1 Qc4 16. Qxc4 Rxc4 17. g4 Nb6 18. b3 Rc7 19. Nb1 Rfc8 20. Ba5 Rc6 21. Ne5 Bxe5 22. dxe5 Ne4 23. f3 Nc5 24. Bd2 Ncd7 25. c3 Nc5 26. Rc2 Nxb3 27. Rd1 d4 28. Be1 Na4 29. Rd3 a5 30. Kg2 dxc3 31. Rcxc3 Nxc3 32. Nxc3 Nc5 33. Rd1 Rb6 34. Rd6 Rcb8 35. Rxb6 Rxb6 36. Bf2 Rc6 37. Nxb5 Nd3 38. Bd4 Nxe5 39. f4 Rc2+ 40. Kg3 Nc6 41. Be3 Rb2 42. a4 Ra2 43. Nc3 Rc2 44. Ne4 Rc4 45. Nc5 Kf8 46. Nd7+ Ke8 47. Nb6 Rb4 48. Bc5 Rb3+ 49. Kh4 Ne7 50. Bf2 Ng6+ 51. Kg5 f6+ 52. Kh5 Rxh3+ 0-1

[Event "LSS No Engine Cup 98 Preliminary 0"]
[Site "LSS email"]
[Date "2013.11.20"]
[Round "?"]
[White "Yangibayev, N."]
[Black "Murphy, Jones"]
[Result "0-1"]
[WhiteElo "1015"]
[BlackElo "1642"]
[PlyCount "46"]
[EventDate "2013.11.21"]
[EventType "tourn (corr)"]
[EventRounds "6"]
[EventCountry "GER"]
[SourceTitle "Corr 2022"]
[Source "ChessBase"]
[SourceDate "2021.10.24"]
[SourceVersion "1"]
[SourceVersionDate "2021.10.24"]
[SourceQuality "1"]

1. d4 Nf6 2. c4 e6 3. Nc3 c5 4. d5 exd5 5. cxd5 d6 6. e4 g6 7. Bg5 Bg7 8. Bd3 0-0 9. f4 Re8 10. Nf3 Bg4 11. h3 Bxf3 12. gxf3 a6 13. Qe2 b5 14. Rc1 Qa5 15. Kf1 b4 16. Nd1 Nxd5 17. Qd2 Nb6 18. b3 Nc6 19. h4 h5 20. Bb1 Nd4 21. Qd3 Qb5 22. Kf2 Qxd3 23. Bxd3 f6 0-1

[Event "LSS No Engine Cup 97 Preliminary 5"]
[Site "LSS email"]
[Date "2013.11.04"]
[Round "?"]
[White "Lombardi, Donato"]
[Black "Murphy, Jones"]
[Result "0-1"]
[WhiteElo "855"]
[BlackElo "1390"]
[PlyCount "80"]
[EventDate "2013.11.05"]
[EventType "tourn (corr)"]
[EventRounds "6"]
[EventCountry "GER"]
[SourceTitle "Telechess CBM 167"]
[Source "ChessBase"]
[SourceDate "2015.07.13"]
[SourceVersion "1"]
[SourceVersionDate "2015.07.13"]
[SourceQuality "1"]

1. e4 c6 2. d4 d5 3. Nc3 dxe4 4. Nxe4 Nf6 5. Nxf6+ exf6 6. Nf3 Bd6 7. Bd3 0-0 8. 0-0 Bg4 9. Be3 Bh5 10. Be2 Nd7 11. d5 c5 12. c4 Qe7 13. Re1 Rfe8 14. Bd3 Qf8 15. Bf5 Ne5 16. Bh3 Nxf3+ 17. gxf3 Re4 18. fxe4 Bxd1 19. Raxd1 Qe7 20. Bg2 Qe5 21. f4 Qxb2 22. e5 fxe5 23. fxe5 Qxe5 24. h3 Qh2+ 25. Kf1 Re8 26. Bf2 Kf8 27. Rxe8+ Kxe8 28. Re1+ Kf8 29. Bg1 Qf4+ 30. Bf2 Qxc4+ 31. Kg1 Qxa2 32. Be3 c4 33. Bc1 b5 34. Bf3 Qh2+ 35. Kf1 b4 36. Bg4 Qh1+ 37. Ke2 Qxd5 38. Bf3 Qd3+ 39. Kf2 c3 40. Bc6 Bg3+ 0-1

[Event "LSS No Engine Cup 97 Preliminary 5"]
[Site "LSS email"]
[Date "2013.11.04"]
[Round "?"]
[White "Murphy, Jones"]
[Black "Turoczi, Peter"]
[Result "1-0"]
[WhiteElo "1390"]
[BlackElo "1295"]
[PlyCount "45"]
[EventDate "2013.11.05"]
[EventType "tourn (corr)"]
[EventRounds "6"]
[EventCountry "GER"]
[SourceTitle "Telechess CBM 167"]
[Source "ChessBase"]
[SourceDate "2015.07.13"]
[SourceVersion "1"]
[SourceVersionDate "2015.07.13"]
[SourceQuality "1"]

1. d4 d5 2. c4 c6 3. Nf3 Nf6 4. Nc3 e6 5. Bg5 Nbd7 6. e3 Qa5 7. cxd5 Nxd5 8. Qd2 Bb4 9. Rc1 0-0 10. Bd3 h6 11. Bh4 e5 12. 0-0 exd4 13. exd4 N7b6 14. a3 Bd6 15. Bg3 Bxg3 16. hxg3 Be6 17. Rfe1 Rfe8 18. Ne5 f6 19. Nc4 Nxc4 20. Bxc4 Bf7 21. Bd3 Rad8 22. Bb1 Nxc3 23. Qxc3 1-0

[Event "LSS No Engine Cup 96 Preliminary 4"]
[Site "LSS email"]
[Date "2013.10.15"]
[Round "?"]
[White "Pauk, Jozef"]
[Black "Murphy, Jones"]
[Result "0-1"]
[WhiteElo "788"]
[BlackElo "1338"]
[PlyCount "34"]
[EventDate "2013.10.16"]
[EventType "tourn (corr)"]
[EventRounds "6"]
[EventCountry "GER"]
[SourceTitle "Corr 2015"]
[Source "ChessBase"]
[SourceDate "2015.07.17"]
[SourceVersion "1"]
[SourceVersionDate "2015.07.17"]
[SourceQuality "1"]

1. e4 c6 2. d4 d5 3. e5 Bf5 4. Bd3 Bxd3 5. Qxd3 e6 6. Nf3 c5 7. 0-0 Nc6 8. Ng5 Nxd4 9. c3 Nc6 10. f4 Qb6 11. Kh1 Nh6 12. Nxh7 c4 13. Qc2 0-0-0 14. Ng5 Bc5 15. b4 cxb3 16. axb3 Nf5 17. Nxf7 Ng3# 0-1

[Event "LSS No Engine Cup 96 Preliminary 4"]
[Site "LSS email"]
[Date "2013.10.15"]
[Round "?"]
[White "Wakeham, Marc R"]
[Black "Murphy, Jones"]
[Result "0-1"]
[WhiteElo "709"]
[BlackElo "1338"]
[PlyCount "92"]
[EventDate "2013.10.16"]
[EventType "tourn (corr)"]
[EventRounds "6"]
[EventCountry "GER"]
[SourceTitle "Telechess CBM 163"]
[Source "ChessBase"]
[SourceDate "2014.11.11"]
[SourceVersion "2"]
[SourceVersionDate "2014.11.11"]
[SourceQuality "1"]

1. e4 c6 2. d4 d5 3. Nc3 dxe4 4. f3 exf3 5. Nxf3 Nf6 6. Bc4 e6 7. 0-0 Be7 8. Ne5 0-0 9. Bg5 Nbd7 10. Nxd7 Nxd7 11. Bxe7 Qxe7 12. Bd3 Nf6 13. Qf3 c5 14. dxc5 Qxc5+ 15. Kh1 Bd7 16. Qf2 Qxf2 17. Rxf2 Bc6 18. Raf1 Rfd8 19. Nd1 Rd4 20. Ne3 Rad8 21. Nc4 Rh4 22. Ne5 Ng4 23. Nxg4 Rxg4 24. Kg1 f6 25. g3 Rdd4 26. b3 e5 27. Bc4+ Kf8 28. c3 Rd6 29. Be2 Rg5 30. Rf5 Rxf5 31. Rxf5 Rd2 32. Rf2 Rxa2 33. Bc4 Rxf2 34. Kxf2 Ke7 35. Ke3 Kd6 36. g4 Bd5 37. Bxd5 Kxd5 38. h4 g6 39. Kd3 f5 40. gxf5 gxf5 41. Ke3 b5 42. Kd3 e4+ 43. Ke3 Ke5 44. c4 f4+ 45. Ke2 bxc4 46. bxc4 Kd4 0-1

[Event "LSS No Engine Cup 93 Preliminary 2"]
[Site "LSS email"]
[Date "2013.08.28"]
[Round "?"]
[White "Chamberlain, Edwin"]
[Black "Murphy, Jones"]
[Result "0-1"]
[WhiteElo "871"]
[BlackElo "1338"]
[PlyCount "54"]
[EventDate "2013.08.29"]
[EventType "tourn (corr)"]
[EventRounds "6"]
[EventCountry "GER"]
[SourceTitle "Telechess CBM 163"]
[Source "ChessBase"]
[SourceDate "2014.11.11"]
[SourceVersion "2"]
[SourceVersionDate "2014.11.11"]
[SourceQuality "1"]

1. d4 Nf6 2. c4 e6 3. Nc3 c5 4. d5 exd5 5. cxd5 d6 6. e4 g6 7. f4 Bg7 8. Bb5+ Nfd7 9. Nf3 0-0 10. 0-0 a6 11. Bd3 b5 12. a3 Re8 13. Re1 Nb6 14. Bd2 Bg4 15. Rc1 N8d7 16. h3 Bxf3 17. Qxf3 Rc8 18. Ne2 Bxb2 19. Rb1 Bg7 20. Ba5 Qh4 21. Qg3 Qxg3 22. Nxg3 Na4 23. Ne2 Nb2 24. Bc2 Nc4 25. Bc3 Nxa3 26. Rbc1 Nxc2 27. Rxc2 Rxe4 0-1

[Event "LSS No Engine Cup 93 Preliminary 2"]
[Site "LSS email"]
[Date "2013.08.28"]
[Round "?"]
[White "Gajic, Sladjan"]
[Black "Murphy, Jones"]
[Result "1-0"]
[WhiteElo "1708"]
[BlackElo "1338"]
[PlyCount "37"]
[EventDate "2013.08.29"]
[EventType "tourn (corr)"]
[EventRounds "6"]
[EventCountry "GER"]
[SourceTitle "Corr 2015"]
[Source "ChessBase"]
[SourceDate "2015.07.17"]
[SourceVersion "1"]
[SourceVersionDate "2015.07.17"]
[SourceQuality "1"]

1. e4 e5 2. Nf3 Nc6 3. Bb5 d6 4. d4 Bd7 5. Nc3 exd4 6. Nxd4 g6 7. 0-0 Bg7 8. Be3 Nf6 9. f3 0-0 10. Nxc6 bxc6 11. Bc4 Re8 12. Qd2 a5 13. Rad1 Qb8 14. b3 Qb4 15. Bd4 Qa3 16. Nb1 Qxa2 17. Qc1 Nd5 18. Bxg7 Kxg7 19. exd5 1-0

[Event "LSS No Engine Cup 82 Preliminary 5"]
[Site "LSS email"]
[Date "2013.02.15"]
[Round "?"]
[White "Digalakis, Georgios"]
[Black "Murphy, Jones"]
[Result "1-0"]
[WhiteElo "1585"]
[BlackElo "1321"]
[PlyCount "63"]
[EventDate "2013.02.16"]
[EventType "tourn (corr)"]
[EventRounds "6"]
[EventCountry "GER"]
[SourceTitle "Telechess CBM 161"]
[Source "ChessBase"]
[SourceDate "2014.07.16"]
[SourceVersion "1"]
[SourceVersionDate "2014.07.16"]
[SourceQuality "1"]

1. d4 Nf6 2. c4 e6 3. Nc3 c5 4. d5 exd5 5. cxd5 d6 6. Nf3 g6 7. e4 Bg7 8. Be2 0-0 9. 0-0 Re8 10. Qc2 Na6 11. a3 Nc7 12. h3 Qe7 13. Bd3 b5 14. Re1 Bd7 15. Bg5 h6 16. Bh4 Qf8 17. e5 Nfxd5 18. Nxd5 Nxd5 19. Be4 Nb6 20. Bxa8 Rxa8 21. exd6 Qxd6 22. Rad1 Qc7 23. Bg3 Qc8 24. Be5 Bf5 25. Qb3 a6 26. Bxg7 Kxg7 27. Qc3+ Kg8 28. Qf6 Be6 29. Ne5 Nd5 30. Rxd5 Bxd5 31. Nxg6 Qb7 32. Qh8# 1-0

[Event "LSS No Engine Cup 82 Preliminary 5"]
[Site "LSS email"]
[Date "2013.02.15"]
[Round "?"]
[White "Murphy, Jones"]
[Black "Lacunza, Mario"]
[Result "0-1"]
[WhiteElo "1321"]
[BlackElo "1874"]
[PlyCount "50"]
[EventDate "2013.02.16"]
[EventType "tourn (corr)"]
[EventRounds "6"]
[EventCountry "GER"]
[SourceTitle "Telechess CBM 161"]
[Source "ChessBase"]
[SourceDate "2014.07.16"]
[SourceVersion "1"]
[SourceVersionDate "2014.07.16"]
[SourceQuality "1"]

1. c4 Nf6 2. Nc3 e6 3. e4 Nc6 4. d4 Bb4 5. e5 Ne4 6. Qd3 d5 7. Nf3 f6 8. Bf4 fxe5 9. Bxe5 Nxe5 10. dxe5 c6 11. Be2 Qa5 12. 0-0 Bxc3 13. bxc3 Nxc3 14. Ng5 Nxe2+ 15. Qxe2 0-0 16. Qd3 Rf5 17. f4 Qc5+ 18. Kh1 Qxc4 19. Qxc4 dxc4 20. Rad1 b5 21. Rd8+ Rf8 22. Rfd1 c5 23. Rxf8+ Kxf8 24. Rd8+ Ke7 25. Rg8 c3 0-1

[Event "LSS No Engine Cup 82 Preliminary 5"]
[Site "LSS email"]
[Date "2013.02.15"]
[Round "?"]
[White "Murphy, Jones"]
[Black "Verich, Oleg"]
[Result "1-0"]
[WhiteElo "1321"]
[BlackElo "1077"]
[PlyCount "69"]
[EventDate "2013.02.16"]
[EventType "tourn (corr)"]
[EventRounds "6"]
[EventCountry "GER"]
[SourceTitle "Telechess CBM 161"]
[Source "ChessBase"]
[SourceDate "2014.07.16"]
[SourceVersion "1"]
[SourceVersionDate "2014.07.16"]
[SourceQuality "1"]

1. c4 Nf6 2. Nc3 Nc6 3. g3 d5 4. cxd5 Nxd5 5. Bg2 e6 6. Nf3 Be7 7. 0-0 0-0 8. d4 Bf6 9. e3 Nce7 10. Nxd5 Nxd5 11. e4 Nb6 12. Be3 Nc4 13. Qe2 Nxe3 14. Qxe3 c6 15. Rfd1 Re8 16. Qb3 Qb6 17. Qa3 Be7 18. Qc3 Qb4 19. Qc2 Bf8 20. Rd3 Be7 21. Rad1 Qb6 22. Ne5 f6 23. Nc4 Qc7 24. Ne3 Qb8 25. Nc4 a5 26. Nb6 Ra6 27. Qb3 Qc7 28. Nxc8 Qxc8 29. Rc3 Bf8 30. d5 exd5 31. exd5 Kh8 32. dxc6 bxc6 33. Rdc1 Qe6 34. Qb7 c5 35. Re3 1-0

[Event "LSS No Engine Cup 81 Preliminary 7"]
[Site "LSS email"]
[Date "2013.01.15"]
[Round "?"]
[White "Hickl, Norbert"]
[Black "Murphy, Jones"]
[Result "0-1"]
[WhiteElo "985"]
[BlackElo "1321"]
[PlyCount "60"]
[EventDate "2013.01.16"]
[EventType "tourn (corr)"]
[EventRounds "6"]
[EventCountry "GER"]
[SourceTitle "Telechess CBM 161"]
[Source "ChessBase"]
[SourceDate "2014.07.16"]
[SourceVersion "1"]
[SourceVersionDate "2014.07.16"]
[SourceQuality "1"]

1. c4 Nf6 2. g3 g6 3. Bg2 Bg7 4. Nf3 0-0 5. 0-0 d6 6. Nc3 e5 7. d3 Nc6 8. a3 a5 9. Bg5 h6 10. Be3 Ng4 11. Bd2 f5 12. e3 Be6 13. Rb1 g5 14. h3 Nf6 15. Ne2 g4 16. Nh2 gxh3 17. Bxh3 Qe8 18. Bg2 Kh8 19. Bc3 Qg6 20. b4 axb4 21. axb4 Rae8 22. b5 Nd8 23. Nf3 Nf7 24. Nh4 Qh7 25. Bxb7 Rg8 26. Kg2 Ng4 27. Rh1 Bf6 28. Nf3 Ng5 29. Nxg5 Rxg5 30. Nf4 exf4 0-1

[Event "LSS No Engine Cup 81 Preliminary 7"]
[Site "LSS email"]
[Date "2013.01.15"]
[Round "?"]
[White "Murphy, Jones"]
[Black "Perez, Giorgio"]
[Result "0-1"]
[WhiteElo "1321"]
[BlackElo "1716"]
[PlyCount "56"]
[EventDate "2013.01.16"]
[EventType "tourn (corr)"]
[EventRounds "6"]
[EventCountry "GER"]
[SourceTitle "Telechess CBM 161"]
[Source "ChessBase"]
[SourceDate "2014.07.16"]
[SourceVersion "1"]
[SourceVersionDate "2014.07.16"]
[SourceQuality "1"]

1. d4 Nf6 2. Nf3 g6 3. c4 Bg7 4. Nc3 0-0 5. e4 d6 6. Be2 e5 7. 0-0 Nc6 8. d5 Ne7 9. Ne1 Nd7 10. Be3 f5 11. f3 f4 12. Bf2 g5 13. a4 a5 14. Nd3 b6 15. b4 axb4 16. Nxb4 Nc5 17. Nd3 Nb7 18. Nc1 Bd7 19. Nb3 Rf6 20. Ra3 Qe8 21. Nb5 Rh6 22. Nxc7 Qh5 23. h4 Rc8 24. Ne6 Ng6 25. g3 fxg3 26. Bxg3 Nf4 27. Nxg5 Rg6 28. Kf2 h6 0-1

[Event "LSS No Engine Cup 80 Preliminary 1"]
[Site "LSS email"]
[Date "2013.01.05"]
[Round "?"]
[White "Kratky, Josef"]
[Black "Murphy, Jones"]
[Result "0-1"]
[WhiteElo "1124"]
[BlackElo "1321"]
[PlyCount "28"]
[EventDate "2013.01.06"]
[EventType "tourn (corr)"]
[EventRounds "6"]
[EventCountry "GER"]
[SourceTitle "Corr 2015"]
[Source "ChessBase"]
[SourceDate "2015.07.17"]
[SourceVersion "1"]
[SourceVersionDate "2015.07.17"]
[SourceQuality "1"]

1. d4 e6 2. e4 d5 3. Nd2 Nf6 4. e5 Nfd7 5. f4 c5 6. Ndf3 Nc6 7. c3 Qb6 8. Ne2 f6 9. g3 cxd4 10. cxd4 Bb4+ 11. Bd2 fxe5 12. fxe5 0-0 13. Ng5 Nxd4 14. Nxd4 Qxd4 0-1

[Event "LSS No Engine Cup 80 Preliminary 1"]
[Site "LSS email"]
[Date "2013.01.05"]
[Round "?"]
[White "Murphy, Jones"]
[Black "Laine, Jari"]
[Result "1/2-1/2"]
[WhiteElo "1321"]
[BlackElo "1855"]
[PlyCount "40"]
[EventDate "2013.01.06"]
[EventType "tourn (corr)"]
[EventRounds "6"]
[EventCountry "GER"]
[SourceTitle "Telechess CBM 159"]
[Source "ChessBase"]
[SourceDate "2014.03.17"]
[SourceVersion "1"]
[SourceVersionDate "2014.03.17"]
[SourceQuality "1"]

1. d4 e6 2. c4 Nf6 3. Nf3 Bb4+ 4. Bd2 Qe7 5. g3 Nc6 6. Bg2 Bxd2+ 7. Nbxd2 d6 8. 0-0 a5 9. e4 0-0 10. d5 Nb8 11. dxe6 Bxe6 12. Nd4 Nc6 13. Nxc6 bxc6 14. Qa4 Rfb8 15. Qa3 Ra6 16. e5 Nd7 17. Rfe1 a4 18. Rad1 Rab6 19. b3 axb3 20. axb3 Nc5 1/2-1/2

[Event "LSS No Engine Cup 80 Preliminary 1"]
[Site "LSS email"]
[Date "2013.01.05"]
[Round "?"]
[White "Winter, Malcolm J"]
[Black "Murphy, Jones"]
[Result "1/2-1/2"]
[WhiteElo "1358"]
[BlackElo "1321"]
[PlyCount "62"]
[EventDate "2013.01.06"]
[EventType "tourn (corr)"]
[EventRounds "6"]
[EventCountry "GER"]
[SourceTitle "Telechess CBM 159"]
[Source "ChessBase"]
[SourceDate "2014.03.17"]
[SourceVersion "1"]
[SourceVersionDate "2014.03.17"]
[SourceQuality "1"]

1. d4 e6 2. Nf3 d5 3. c4 Nf6 4. cxd5 exd5 5. Nc3 c6 6. Bg5 Be7 7. Qc2 0-0 8. e3 Nbd7 9. Bd3 Re8 10. 0-0 Nf8 11. Rfe1 Ne4 12. Bxe7 Qxe7 13. Rab1 Bf5 14. b4 Rad8 15. Na4 Rd6 16. Nc5 Rg6 17. Ne5 Rh6 18. f3 Nxc5 19. Bxf5 Ncd7 20. Nxd7 Nxd7 21. Bxd7 Qxd7 22. a4 Qd6 23. g3 Qf6 24. Qf2 Qe7 25. Rb3 Re6 26. Kg2 h6 27. Qd2 f5 28. Qf2 Kh8 29. Kf1 Kg8 30. Re2 Kh8 31. Re1 Kg8 1/2-1/2

[Event "LSS No Engine Cup 64 Final"]
[Site "LSS email"]
[Date "2013.01.01"]
[Round "?"]
[White "Alvarez Castillo, Hector Adrian"]
[Black "Murphy, Jones"]
[Result "1/2-1/2"]
[WhiteElo "1762"]
[BlackElo "1321"]
[PlyCount "48"]
[EventDate "2013.01.02"]
[EventType "tourn (corr)"]
[EventRounds "6"]
[EventCountry "GER"]
[SourceTitle "Telechess CBM 161"]
[Source "ChessBase"]
[SourceDate "2014.07.16"]
[SourceVersion "1"]
[SourceVersionDate "2014.07.16"]
[SourceQuality "1"]

1. e4 c5 2. Nc3 e6 3. Nf3 d5 4. Bb5+ Bd7 5. exd5 Bxb5 6. Nxb5 exd5 7. 0-0 Be7 8. d4 a6 9. Nc3 Nf6 10. dxc5 Bxc5 11. Re1+ Be7 12. Bg5 0-0 13. Rxe7 Qxe7 14. Nxd5 Qd8 15. Nxf6+ gxf6 16. Qxd8 Rxd8 17. Bxf6 Rd6 18. Be5 Re6 19. Rd1 Nc6 20. Bc3 Rd8 21. Rxd8+ Nxd8 22. Kf1 Nc6 23. a3 h6 24. Nd4 Nxd4 1/2-1/2

[Event "LSS No Engine Cup 79 Preliminary 5"]
[Site "LSS email"]
[Date "2012.12.22"]
[Round "?"]
[White "Murphy, Jones"]
[Black "Bearce, Harold L"]
[Result "0-1"]
[WhiteElo "1283"]
[BlackElo "643"]
[PlyCount "26"]
[EventDate "2012.12.23"]
[EventType "tourn (corr)"]
[EventRounds "6"]
[EventCountry "GER"]
[SourceTitle "Corr 2015"]
[Source "ChessBase"]
[SourceDate "2015.07.17"]
[SourceVersion "1"]
[SourceVersionDate "2015.07.17"]
[SourceQuality "1"]

1. c4 e5 2. Nc3 Nf6 3. d3 Be7 4. g3 d5 5. cxd5 Nxd5 6. Bg2 Be6 7. Nf3 Nc6 8. 0-0 Qd7 9. Ng5 Bxg5 10. Bxg5 0-0 11. Na4 b6 12. Nc3 f6 13. Rc1 fxg5 0-1